000 00728nam a22002297a 4500
005 20170124105933.0
010 _aB-009355
020 _a8187504072
_c175.00
035 _aB-009355
037 _bCen Lib/ Ret
040 _aDPL
_bEN
082 _a310
_bGIR
100 _aGiri, Prasanta Kumar
_98770
245 _aIntroduction to statistics :
_bfor H.S. students /
_cby Prasanta Kumar Giri [and] Jiban Banerjee
260 _aCulcutta
_bAcademic Publishers
_c2000
270 _a12/1A , Bankim Chaterje Street
_bCalcutta
_e700073
300 _a468p. :
_bill.
_c20cm(Hb)
650 _aSocial Science
_991604
650 _aStatistics
_97952
700 _aBanerjee, Jiban
_98772
942 _2ddc
_cEN
_h310
_mGIR
999 _c123975
_d123975